00421nam a2200145Ia 4500003000400000008004100004040001600045082001800061100001600079245007100095260003600166300001000202650003600212650002700248GCL140319s9999 xx 000 0 eng d aGCL / cGCL04a658.4038bB F1 aBEST, DAVID10aTHE FAITH RESOURCE: INFORMATION AND ITS MANAGEMENT / cBEST, DAVID a[S.N] : bASLIB GAWER ، c1996 a166 P04aMANAGEMENT - INFORMATION SYSTEM04aINFORMATION TECHNOLOGY